Ranking KSW - Kategoria kogucia - Statystyki

Ogólne statystyki
  • Ten quiz został rozwiązany 23 razy
  • Średni wynik to 7 z 11
Statystyki odpowiedzi
Pozycja Zawodnik Narodowość % Poprawnych
Champion Jakub Wikłacz Polska
100%
1 Sebastian Przybysz Polska
100%
2 Bruno Azevedo Brazylia
86%
3 Zuriko Jojua Gruzja
86%
8 Kamil Szkaradek Polska
67%
4 Oleksii Polishchuk Ukraina
52%
6 Islam Djabrailov Polska
48%
9 Patryk Surdyn Polska
48%
5 Miljan Zdravković Serbia
43%
10 Mariusz Joniak Polska
33%
7 Werlleson Martins Niemcy
19%
Nie znaleziono quizów pasujących do podanych kryteriów
Rozkład punktacji
Procent ludzi z każdym wynikiem
Percentyl według liczby udzielonych odpowiedzi
Twoja historia wyników
Nie rozwiązałeś tego quizu